000 00943nam2a22002531 4500
001 RU\NLR\INFOCOMM15\5000231055
005 20250617114514.0
035 _a(NLR Aleph) 002581143
090 _a3276646
_c3276646
100 _a20041020d1969 |||y0rusy50 ca
101 0 _arus
_aeng
102 _aRU
105 _ay ||||000|y
200 1 _aОб одном классе нелинейных сингулярных интегральных уравнений
_fР.Т. Денчев
_gЛаборатория вычислит. техники и автоматизации
210 _d1969
_aБ. м.
461 0 _1001RU\NLR\INFOCOMM15\1000176112
_12001#$aИздания$fОбъедин. ин-т ядерных исследований$vР5-4495
700 1 _aДенчев
_bР.Т.
_4070
801 1 _aRU
_bInfoComm
_c20041124
801 0 _aRU
_bNLR
_gPSBO
852 _aNLR
_jП11/2061
942 _cISSUE
980 _aNB
980 _aRUSPER